| 000 | 03394cgm a2200709Ii 4500 | ||
|---|---|---|---|
| 001 | ocn915397747 | ||
| 003 | OCoLC | ||
| 005 | 20241220163825.0 | ||
| 007 | vd cvaizq | ||
| 008 | 150803p20152014cau122 vleng d | ||
| 040 |
_aTEFMT _beng _erda _cTEFMT _dTEF _dJNE _dWRS _dVPI _dUINTA |
||
| 024 | 1 | _a031398224723 | |
| 028 | 4 | 2 |
_a47429 _bMalibu Road, LLC. |
| 035 | _a(OCoLC)915397747 | ||
| 037 |
_bMidwest Tape _nhttp://www.midwesttapes.com |
||
| 041 | 1 |
_aeng _jeng _jspa _heng |
|
| 050 | 4 |
_aPN1997.2 _b.L68 2015 |
|
| 082 | 0 | 4 |
_a791.43/72 _223 |
| 049 | _aUCLB | ||
| 245 | 0 | 0 |
_aLove & mercy / _cLionsgate Roadside Attractions and River Road Entertainment present a River Road/Battle Mountain Films ; written by Oren Moverman and Michael Alan Lerner ; produced by Bill Pohland, Claire Rudnick Polstein, John Wells ; directed by Bill Pohlad. |
| 246 | 3 | _aLove and mercy | |
| 264 | 1 |
_aSanta Monica, California : _bLionsgate, _c[2015] |
|
| 300 |
_a1 videodisc (approximately 122 minutes) : _bsound, color ; _c4 3/4 in. |
||
| 336 | _atwo-dimensional moving image | ||
| 337 | _avideo | ||
| 338 | _avideodisc | ||
| 344 |
_adigital _boptical _gsurround _hDolby digital 5.1 _2rda |
||
| 347 |
_avideo file _bDVD video _2rda |
||
| 380 | _aMotion picture. | ||
| 538 | _aDVD, region 1, widescreen (1.78:1) presentation; 5.1 Dolby Digital Audio. | ||
| 546 | _aEnglish dialogue; Spanish subtitles; closed-captioned. | ||
| 500 | _aTitle from container. | ||
| 511 | 1 | _aElizabeth Banks, John Cusack, Paul Dano, Paul Giamatti, Jake Abel, Dee Wallace, Kenny Wormald, Joanna Going, Brett Davern, Erin Darke. | |
| 500 | _aBased on the life of Brian Wilson. | ||
| 500 | _aOriginally produced as a motion picture in 2014. | ||
| 500 | _aWidescreen. | ||
| 521 | 8 | _aMPAA Rating: PG-13; for thematic elements, drug content and language. | |
| 520 | _aAn unconventional portrait of Brian Wilson, the mercurial singer, songwriter and leader of The Beach Boys. Set against the era defining catalog of Wilson's music, the film intimately examines the personal voyage and ultimate salvation of the icon whose success came at extraordinary personal cost. | ||
| 500 | _aSpecial features: deleted scenes; featurettes; audio commentary. | ||
| 600 | 1 | 0 |
_aWilson, Brian, _d1942- _vDrama. _96534081 |
| 610 | 2 | 0 |
_aBeach Boys _vDrama. _96534082 |
| 650 | 0 |
_aMental illness _vDrama. _95755148 |
|
| 655 | 7 |
_aFeature films. _2lcgft |
|
| 655 | 7 |
_aBiographical films. _2lcgft _9102649 |
|
| 655 | 7 |
_aMusical films. _2lcgft |
|
| 655 | 7 |
_aFiction films. _2lcgft |
|
| 655 | 7 |
_aVideo recordings for the hearing impaired. _2lcgft |
|
| 700 | 1 |
_aMoverman, Oren, _escreenwriter. _973311 |
|
| 700 | 1 |
_aLerner, Michael Alan, _d1958- _escreenwriter. _96534083 |
|
| 700 | 1 |
_aPolstein, Claire Rudnick, _efilm producer. _96223287 |
|
| 700 | 1 |
_aPohlad, William, _efilm producer, _efilm director. _973953 |
|
| 700 | 1 |
_aWells, John, _d1956- _efilm producer. _965485 |
|
| 700 | 1 |
_aBanks, Elizabeth, _d1974- _eactor. _95692820 |
|
| 700 | 1 |
_aCusack, John, _d1966- _eactor. _943552 |
|
| 700 | 1 |
_aDano, Paul, _d1984- _eactor. _968911 |
|
| 700 | 1 |
_aGiamatti, Paul, _eactor. _966921 |
|
| 710 | 2 |
_aLions Gate Films. _95718756 |
|
| 710 | 2 |
_aRoadside Attractions (Firm) _958984 |
|
| 710 | 2 |
_aRiver Road Entertainment (Firm) _973013 |
|
| 710 | 2 |
_aBattle Mountain Films. _96223288 |
|
| 994 |
_aC0 _bUINTA |
||
| 999 |
_c200480 _d200480 |
||